De Montaigne a Louis de Broglie: introduction á l'étude de la pensée francaise contemporaine
Gardado en:
| Main Authors: | , |
|---|---|
| Formato: | Libro |
| Idioma: | francés |
| Publicado: |
París
Eugene Belin
1954
|
| Edición: | 9a. ed |
| Subjects: | |
| Tags: |
Engadir etiqueta
Sen Etiquetas, Sexa o primeiro en etiquetar este rexistro!
|
MARC
| LEADER | 00000nam a2200000 a 4500 | ||
|---|---|---|---|
| 001 | UCZ3995 | ||
| 003 | CL-VaPUC | ||
| 008 | 951027e19540000FR |||||||||||||||||fre|d | ||
| 082 | 0 | 4 | |a 194 |b BRU |2 21 |
| 100 | 0 | |a Brunold, C |e author |9 347850 | |
| 700 | 0 | |a Jacob, J |e author |9 347851 | |
| 245 | 1 | 0 | |a De Montaigne a Louis de Broglie: introduction á l'étude de la pensée francaise contemporaine |
| 250 | |a 9a. ed | ||
| 300 | |a 319 p | ||
| 942 | |c BK | ||
| 945 | |d 19951027 00:00:00 |a lriquelm | ||
| 260 | |a París |b Eugene Belin |c 1954 | ||
| 650 | 0 | |a Filosofía francesa |9 255698 | |
| 650 | 0 | |a Filosofía contemporánea |9 265372 | |
| 650 | 0 | |a Escuelas filosóficas |9 266232 | |
| 650 | 0 | |a Ética |9 255099 | |
| 650 | 0 | |a Filosofía de las ciencias |9 256466 | |
| 583 | |a last modification |c 19951027 00:00:00 |k Rodrigo Vera | ||
| 999 | |c 240434 |d 240432 | ||
| 952 | |0 0 |1 0 |4 0 |6 194_000000000000000_BRU_1954 |7 0 |8 P |9 252298 |a BIBEDU |b BIBEDU |c BIBEDU_PB |d 2019-11-18 |i 1593501 |o 194 BRU 1954 |p 1593501 |r 2024-01-25 |w 2019-11-18 |y BK |k FIL | ||